| 000 | 00845nam a2200313 a 4500 | ||
|---|---|---|---|
| 003 | AR-BaBNM | ||
| 005 | 20251128204635.0 | ||
| 008 | 082120s2002 ||||||||||||||000 | spa|| | ||
| 020 | _a950-04-0576-8 | ||
| 040 | _cAR-BaBNM | ||
| 100 | 1 | _aGudiño Kieffer, Eduardo | |
| 245 | 0 | 0 | _aHistoria y cuentos del alfabeto |
| 260 |
_aBuenos Aires _bEmecé _c1987 |
||
| 300 |
_a285 p. _bil. |
||
| 500 | _aContiene referencias bibliográficas en p. 283 | ||
| 650 | 4 | _aLITERATURA ARGENTINA | |
| 650 | 4 | _aHISTORIA LITERARIA | |
| 650 | 4 | _aLENGUAS ESCRITAS | |
| 650 | 4 | _aSISTEMAS DE ESCRITURA | |
| 650 | 4 | _aALFABETOS | |
| 650 | 4 | _aHISTORIA CULTURAL | |
| 650 | 4 | _aESCRITURAS ANTIGUAS | |
| 650 | 4 | _aCIVILIZACIONES ANTIGUAS | |
| 653 | _aNARRATIVA | ||
| 655 | _aLITERATURA | ||
| 700 | 1 | _aTorres Varela, Hilda | |
| 942 | _cBK | ||
| 998 | _cMARTIN | ||
| 999 |
_c8193 _d8193 |
||